Disseny de menús saludables a residències geriàtriques : mòdul avançat mòdul avançat
Publicado:
Barcelona :
Diputació de Barcelona. Àrea de Salut Pública i Consum. Servei de Salut Pública, [2011?]
Descripción Física:
[98] p. ; 29 cm
MARC
| LEADER | 00000nam a2200000Ia 4500 | ||
|---|---|---|---|
| 001 | 23274 | ||
| 008 | 160829s9999 xx 000 0 cat d | ||
| 080 | |a C-3-365 | ||
| 245 | |a Disseny de menús saludables a residències geriàtriques : |b mòdul avançat | ||
| 260 | |a Barcelona : |b Diputació de Barcelona. Àrea de Salut Pública i Consum. Servei de Salut Pública, [2011?] | ||
| 300 | |a [98] p. ; |c 29 cm | ||
| 650 | |a Menús |9 47940 | ||
| 650 | 0 | |a Residències de persones grans |9 43170 | |
| 710 | |a Barcelona (Catalunya : Província). |b Servei de Salut Pública |9 52202 | ||
| 901 | |a Arxiu | ||
| 942 | |n 1 | ||
| 952 | |0 0 |1 0 |4 0 |6 C3365 |7 1 |9 53283 |a Arxiu |b Arxiu |d 2011-10-07 |l 0 |o C-3-365 |p 23274 |r 2016-12-01 00:00:00 |w 2016-12-01 |y ARXIU | ||
| 999 | |c 57147 |d 57147 | ||